Loading...
Customer-driven services management
| Main Author: | |
|---|---|
| Format: | Printed Book |
| Language: | Undetermined |
| Published: |
New Delhi
Response Books
1999
|
| LEADER | 00535nam a2200145Ia 4500 | ||
|---|---|---|---|
| 008 | 161229s9999 xx 000 0 und d | ||
| 020 | |a 0761993711 | ||
| 082 | |a 658.8 BAL/CU | ||
| 100 | |a Balachandran, S | ||
| 245 | |a Customer-driven services management | ||
| 260 | |b Response Books |a New Delhi |c 1999 | ||
| 300 | |a 333 | ||
| 942 | |c BK | ||
| 999 | |c 151342 |d 151342 | ||
| 952 | |0 0 |1 0 |4 0 |6 658_800000000000000_BALCU |7 0 |9 150393 |a KAUCLV |b KAUCLV |d 2016-12-29 |g 470.00 |o 658.8 BAL/CU |p 902651 |r 2016-12-29 |w 2016-12-29 |y BK |z Book transferred from CCBM Library ,Acc.No:9982 | ||